000 00182 a2200097 4500
020 _a9780888999818
041 _aspa
100 _aArgueta, Jorge
245 _aArroz co leche
942 _cBK
999 _c593
_d593